01199nac a22003017a 4500001001000000003000900010005001700019008003400036040005400070072000800124090001900132100001800151100001800169110009100187245008000278246007700358260003700435300000900472490012700481650001300608650001400621650002100635650001200656909004700668942001700715999001900732952014600751BR8400022BR-BrBNA20240105115920.0230509b bl.|||m| |||| 00| 0 por d aBR-BrBNAbporcBiblioteca Nacional de Agricultura aF00 a1540 BR84000221 aNunes, F.E.C.1 aLameira, O.A.1 aUnidade de Execucao de Pesquisa de Ambito Territorial de Boa Vista, RR (Brasil)9103911 aComparacao de cultivares de mandioca em Roraima [Manihot esculenta, Brasil]1 a[Comparison of cassava cultivars in Roraima [Manihot esculenta, Brazil]]3 aBoa Vista, RR (Brasil): c1983.  a3 p. aPesquisa em Andamento - Unidade de Execucao de Pesquisa de Ambito Territorial de Boa Vista (Brazil)vno. 1xISSN 0101-8639 aMANDIOCA aVARIEDADE aPRATICA CULTURAL aRORAIMA a202312bLúcia Elandec55dLúcia Elande 2AGRISn0cMS c277057d277057 002AGRIS40708Acervo Gerala41918b41918cAGROBASEl0o1540 BR8400022p1540 BR8400022r2023-12-18yMSePortaria Interministerial nº 164/94